Statistics for business and economic

Bibliographic Details
Main Author: Heitzman, William R
Other Authors: Mueller, Fredrick W
Format: Book
Published: Boston, Massachusetts, : Allyn and Bacon Inc , c1980
Subjects:

MARC

LEADER 00000cam a2200000 7i4500
001 0000000234
005 20030423.0
020 |a 0205067530 
040 |a INS 
090 0 0 |a HA29.   |b H463 1980 
100 1 |a Heitzman, William R 
245 1 0 |a Statistics for business and economic   |c William R. Heitzman and Fredrick W. Mueller 
260 |a Boston, Massachusetts, :   |b Allyn and Bacon Inc ,   |c c1980 
500 |a Includes index 
650 0 0 |a Commercial statistics 
650 0 0 |a Economic   |x Statistical methods 
650 0 0 |a Statistics 
700 1 |a Mueller, Fredrick W 
999 |a 0000003324   |b BOOK   |c Open Shelf   |e Default branch 
999 |a 0000003744   |b BOOK   |c Open Shelf   |e Default branch